Normal view
MARC view
Entry Nombre personal
001 - NÚMERO DE CONTROL
- campo de control: 190103
003 - IDENTIFICADOR DEL NÚMERO DE CONTROL
- campo de control: CHAP
005 - FECHA Y HORA DE LA ÚLTIMA TRANSACCIÓN
- campo de control: 20250212092532.0
008 - DATOS DE LONGITUD FIJA
- campo de control de longitud fija: 250212|| ac|||abbn | a|a d
040 ## - FUENTE DE LA CATALOGACIÓN
- Centro catalogador/agencia de origen: Z
- Centro/agencia transcriptor: CHAP
100 1# - ENCABEZAMIENTO-NOMBRE DE PERSONA
- Nombre de persona: Briske, David D.
- Término indicativo de función/relación: editor
670 ## - FUENTE DE DATOS ENCONTRADOS
- Cita de la fuente: Rangeland systems: processes, management and challenges. editor David D. Briske, 2017
